[Event "Oceania & NZL-ch Seniors"]
[Site "Auckland"]
[Date "2019.07.13"]
[Round "3"]
[White "Metge, J Nigel"]
[Black "Hackney, Leyton"]
[Result "1-0"]
[WhiteElo "1918"]
[BlackElo "1640"]
[PlyCount "52"]
[EventDate "2019.07.12"]
[EventType "swiss"]
[EventRounds "6"]
[EventCountry "NZL"]
[SourceTitle "EXT 2023"]
[Source "ChessBase"]
[SourceDate "2022.10.05"]
[SourceVersion "1"]
[SourceVersionDate "2022.10.05"]
[SourceQuality "1"]

1. d4 Nf6 2. c4 c5 3. d5 b5 4. cxb5 a6 5. e3 d6 6. Nc3 g6 7. a4 Bg7 8. Ra3 0-0 9. Bc4 Qa5 10. Nge2 Nbd7 11. 0-0 Ne5 12. b3 Nfd7 13. Na2 Nb6 14. Bd2 Nbxc4 15. Bxa5 Nxa3 16. b6 c4 17. Bb4 cxb3 18. Qxb3 Nac4 19. f4 Ng4 20. Qxc4 Nxe3 21. Qc6 Bg4 22. b7 Rab8 23. Re1 Rfd8 24. Ba5 Bd7 25. Bxd8 Bxc6 26. dxc6 Rxd8 1-0